254-Emisné kvóty

Ekonomické a účtovné vymedzenie pojmu emisia. Prevádzka v intenciách zákona č. 572/2004 Z.z. o obchodovaní s emisnými kvótami a o zmene a doplnení niektorých zákonov v znení neskorších predpisov. Dobrovoľný a nový účastník schémy obchodovania. Držiteľ kvóty. Prenos kvóty. Sankcie. Výpočet emisie....

Descrizione completa

Salvato in:
Dettagli Bibliografici
Autore principale: Vépyová, Mária
Natura: Capitolo di libro
Lingua:slovacco
Soggetti:
Tags: Aggiungi Tag
Nessun Tag, puoi essere il primo ad aggiungerne!!

MARC

LEADER 00000naa$a2200000$$$4500
001 0051310
005 20240502071610.4
041 0 |a slo 
044 |a SK 
245 1 0 |a 254-Emisné kvóty  |c Mária Vépyová 
520 |a Ekonomické a účtovné vymedzenie pojmu emisia. Prevádzka v intenciách zákona č. 572/2004 Z.z. o obchodovaní s emisnými kvótami a o zmene a doplnení niektorých zákonov v znení neskorších predpisov. Dobrovoľný a nový účastník schémy obchodovania. Držiteľ kvóty. Prenos kvóty. Sankcie. Výpočet emisie. Prípadové štúdie. 
610 2 0 |a triedy účtové 
610 2 0 |a skupiny účtové 
610 2 0 |a evidencia analytická 
610 2 0 |a jednotka účtovná 
610 2 0 |a obdobie účtovné 
610 2 0 |a oceňovanie 
610 2 0 |a pojmy 
610 2 0 |a účtovanie 
610 2 0 |a účty analytické 
610 2 0 |a účty syntetické 
610 2 0 |a kvóty 
610 2 0 |a emisie 
610 2 0 |a obchod 
100 1 |a Vépyová, Mária